| 000 | 00453nam a2200169Ia 4500 | ||
|---|---|---|---|
| 999 |
_c8237 _d8237 |
||
| 020 | _a9780415579933 | ||
| 082 | _aRR 324.73 ROU; | ||
| 245 | 0 | _aRoutledge handbook of political marketing | |
| 250 | _aspecial edition | ||
| 260 |
_aLondon _bRoutledge _c2012 |
||
| 300 | _axx, 388p | ||
| 650 | _aPOLITICAL COMPAIGNS | ||
| 650 | _aPUBLIC RELATIONS AND POLITICS | ||
| 650 | _aCOMMUNICATION IN POLITICS | ||
| 700 | _aLees-Marshment, Jennifer | ||
| 942 | _cBK | ||